Sociální rozvoj

Saved in:
Bibliographic Details
Main Author: Krebs, Vojtěch
Corporate Author: Vysoká škola ekonomická v Praze. Národohospodářská fakulta
Other Authors: Poláková, Olga, Sova, Václav
Format: Book
Language:Czech
Published: Praha Státní nakladatelství technické literatury 1990
Edition:1. vyd.
Tags: Add Tag
No Tags, Be the first to tag this record!

MARC

LEADER 00000nam a2200000 4500
001 c026270
005 20221215120721.5
041 0 |a cze 
044 |a CZ 
245 1 0 |a Sociální rozvoj  |c Vojtěch Krebs, Olga Poláková, Václav Sova 
250 |a 1. vyd. 
264 1 |a Praha  |b Státní nakladatelství technické literatury  |c 1990 
300 |a 177 s. 
100 1 |a Krebs, Vojtěch 
700 1 |a Poláková, Olga 
700 1 |a Sova, Václav 
710 2 |a Vysoká škola ekonomická v Praze. Národohospodářská fakulta